000 00330nam a22001457a 4500
020 _a966281193
082 _a657.45
100 _aSaleemi N.A.
245 _aAuditing concepts and procedures
260 _aNairobi,Kenya
_bN.A. Saleemi
_c1999
300 _a599p,20cm
500 _aQuns&Ans
700 _aPeter Ngigi
942 _cBK
999 _c17758
_d17758